Servei d'estades temporals per a persones amb discapacitat intel·lectual : programa Respir programa Respir
Publicado:
Barcelona :
Diputació de Barcelona. Àrea d'Atenció a les persones grans. Gerència de serveis residencials d'estades temporals i Respir ,
2012
Descripción Física:
1 tríptic ; 20 cm
MARC
| LEADER | 00000nam a2200000Ia 4500 | ||
|---|---|---|---|
| 001 | 23705 | ||
| 008 | 160829s2012 xx 000 0 cat d | ||
| 080 | |a FU-62-5 | ||
| 245 | |a Servei d'estades temporals per a persones amb discapacitat intel·lectual : |b programa Respir | ||
| 260 | |a Barcelona : |b Diputació de Barcelona. Àrea d'Atenció a les persones grans. Gerència de serveis residencials d'estades temporals i Respir, |c 2012 | ||
| 300 | |a 1 tríptic ; |c 20 cm | ||
| 590 | |a A la part inferior del títol: Programa Respir | ||
| 650 | 0 | |a Residències per a persones amb discapacitat |9 49281 | |
| 650 | 0 | |a Persones amb discapacitat |x Assistència institucional |9 49282 | |
| 710 | 1 | |a Barcelona (Catalunya : Província). |b Gerència de Serveis Residencials d'Estades Temporals i Respir |9 52701 | |
| 901 | |a Arxiu | ||
| 942 | |n 1 | ||
| 952 | |0 0 |1 0 |4 0 |6 FU625 |7 1 |9 55244 |a Arxiu |b Arxiu |d 2016-12-01 |l 0 |o FU-62-5 |p 23705 |r 2016-12-01 00:00:00 |w 2016-12-01 |y ARXIU | ||
| 999 | |c 59116 |d 59116 | ||